Istilah Kejuruteraan Pengajian Tinggi : Bahasa Inggeris-Bahasa Malaysia

Bibliographic Details
Corporate Author: Dewan Bahasa dan Pustaka
Format: Book
Language:Malay
Published: Kuala Lumpur : Dewan Bahasa dan Pustaka 1987
Subjects:

MARC

LEADER 00000cam a2200000 7i4500
001 0000009118
005 20240913.0
008 010731 my may
040 |a INS   |b eng   |e rda 
090 0 0 |a RPL5087.3.E57   |b .I87 1987 
245 0 0 |a Istilah Kejuruteraan Pengajian Tinggi :   |b Bahasa Inggeris-Bahasa Malaysia   |c Dewan Bahasa dan Pustaka 
264 1 |a Kuala Lumpur :   |b Dewan Bahasa dan Pustaka   |c 1987 
300 |a 706 pages ;   |c 18 cm. 
336 |a text  |2 rdacontent 
337 |a unmediated  |2 rdamedia 
338 |a volume  |2 rdacarrier 
650 0 |a Engineering   |x Terminology 
710 1 |a Dewan Bahasa dan Pustaka 
999 |a 0000003284   |b BOOK   |c Red Spot   |e Default branch 
999 |a 0000024373   |b BOOK   |c Red Spot   |e Default branch